Brawl Stars Abilities - Sudden Death - Statistics

General Stats
  • This quiz has been taken 2,158 times
  • The average score is 3 of 19
Answers on the Grid
Answers color-coded by a green-red scale on the quiz's grid according to % correct below.
Tactical Offense
Pumped Up
Harmful Spirits
Uppercut
Comet Rush
Shell Shock
Dual Wielding
Extra Rockets
Spark Pulse
Thorny Gloves
Bottled Up Rage
Tar Barrel
Protective Melody
Spirit Animal
Pulse Modulator
Order: Assist
Tornado
Blustery Blow
Freezing
Teen Spirit
Supercool
Bouncy Balls
The Goodest Boy
Power Upgrade
Drop the Bass
Drop the Beat
Extended Track
Poppin
Scorchin' Siphon
Boppin
Heat Protection
Spooky Speedster
Perfect Pitch
Smoke Bomb
Extended Mix
 
Answer Stats
Answer % Correct
Shelly Starpower Shell Shock
50%
Clancy Starpower Pumped Up
33%
Rosa Starpower Thorny Gloves
28%
Darryl Gadget Tar Barrel
19%
Gus Starpower Spirit Animal
18%
Draco Gadget Uppercut
15%
Barley Hypercharge Bottled Up Rage
13%
Colt Hypercharge Dual Wielding
12%
Gale Starpower Blustery Blow
11%
Melodie Gadget Perfect Pitch
10%
Colette Hypercharge Teen Spirit
10%
Janet Gadget Drop the Bass
9%
Ruffs Hypercharge The Goodest Boy
7%
Pam Gadget Pulse Modulator
6%
Piper Hypercharge Boppin
5%
Amber Starpower Scorchin' Siphon
5%
Shade Starpower Spooky Speedster
5%
Melodie Starpower Extended Mix
4%
Lou Starpower Supercool
4%
No matching quizzes found
Score Distribution
Percent of People with Each Score
Percentile by Number Answered
Your Score History
You have not taken this quiz